Anhang: Nachtrag zum Gesetz zur weiteren Umsetzung der Transparenzrichtlinie-Änderungsrichtlinie im Hinblick auf ein einheitliches elektronisches Format für Jahresfinanzberichte (ESEF-UG)

Saved in:
Bibliographic Details
Main Authors: Böcking, Hans-Joachim (Author) , Ebke, Werner F. (Author) , Hanke, Anika (Author)
Format: Chapter/Article Comment
Language:German
Published: 2020
In: Münchener Kommentar zum Handelsgesetzbuch ; Band 4: Drittes Buch, Handelsbücher, §§ 238-342e HGB

Online Access:Verlag, lizenzpflichtig, Volltext: https://beck-online.beck.de/?vpath=bibdata%2Fkomm%2FMuekoHGB_4_Band4%2Fcont%2FMuekoHGB%2E4%2Enach1%2Ehtm
Get full text
Author Notes:Prof. Dr. Hans-Joachim Böcking, Prof. em. Dr. Dr. h.c. mult. Werner F. Ebke, Anika Hanke

MARC

LEADER 00000caa a2200000 c 4500
001 1736847430
003 DE-627
005 20220819004238.0
007 cr uuu---uuuuu
008 201028s2020 xx |||||o 00| ||ger c
035 |a (DE-627)1736847430 
035 |a (DE-599)KXP1736847430 
035 |a (OCoLC)1341375121 
040 |a DE-627  |b ger  |c DE-627  |e rda 
041 |a ger 
084 |a 19  |2 sdnb 
100 1 |a Böcking, Hans-Joachim  |d 1956-  |e VerfasserIn  |0 (DE-588)13276119X  |0 (DE-627)526880570  |0 (DE-576)164836306  |4 aut 
245 1 0 |a Anhang: Nachtrag zum Gesetz zur weiteren Umsetzung der Transparenzrichtlinie-Änderungsrichtlinie im Hinblick auf ein einheitliches elektronisches Format für Jahresfinanzberichte (ESEF-UG)  |c Prof. Dr. Hans-Joachim Böcking, Prof. em. Dr. Dr. h.c. mult. Werner F. Ebke, Anika Hanke 
264 1 |c 2020 
300 |a 33 
336 |a Text  |b txt  |2 rdacontent 
337 |a Computermedien  |b c  |2 rdamedia 
338 |a Online-Ressource  |b cr  |2 rdacarrier 
500 |a Gesehen am 28.10.2020 
700 1 |a Ebke, Werner F.  |d 1951-  |e VerfasserIn  |0 (DE-588)12273033X  |0 (DE-627)082119988  |0 (DE-576)160819822  |4 aut 
700 1 |a Hanke, Anika  |e VerfasserIn  |4 aut 
773 0 8 |i Enthalten in  |a Ebke, Werner F., 1951 -   |t Münchener Kommentar zum Handelsgesetzbuch ; Band 4: Drittes Buch, Handelsbücher, §§ 238-342e HGB  |b 4. Auflage  |d München : C.H. Beck, 2020  |g 2020, Randnummer 1-33, 33 Randnummern  |h 1 Online-Ressource  |w (DE-627)1736264214  |7 nnam 
773 1 8 |g year:2020  |g extent:33  |a Anhang: Nachtrag zum Gesetz zur weiteren Umsetzung der Transparenzrichtlinie-Änderungsrichtlinie im Hinblick auf ein einheitliches elektronisches Format für Jahresfinanzberichte (ESEF-UG) 
856 4 0 |u https://beck-online.beck.de/?vpath=bibdata%2Fkomm%2FMuekoHGB_4_Band4%2Fcont%2FMuekoHGB%2E4%2Enach1%2Ehtm  |x Verlag  |x Resolving-System  |z lizenzpflichtig  |3 Volltext 
951 |a AR 
992 |a 20201028 
993 |a Comment 
994 |a 2020 
998 |g 12273033X  |a Ebke, Werner F.  |m 12273033X:Ebke, Werner F.  |d 20000  |d 20500  |e 20000PE12273033X  |e 20500PE12273033X  |k 0/20000/  |k 1/20000/20500/  |p 2 
999 |a KXP-PPN1736847430  |e 3788142936 
BIB |a Y 
JSO |a {"title":[{"title_sort":"Anhang: Nachtrag zum Gesetz zur weiteren Umsetzung der Transparenzrichtlinie-Änderungsrichtlinie im Hinblick auf ein einheitliches elektronisches Format für Jahresfinanzberichte (ESEF-UG)","title":"Anhang: Nachtrag zum Gesetz zur weiteren Umsetzung der Transparenzrichtlinie-Änderungsrichtlinie im Hinblick auf ein einheitliches elektronisches Format für Jahresfinanzberichte (ESEF-UG)"}],"id":{"eki":["1736847430"]},"type":{"bibl":"chapter","media":"Online-Ressource"},"relHost":[{"origin":[{"publisher":"C.H. Beck ; Verlag Vahlen","dateIssuedDisp":"2020","editionNo":"4","publisherPlace":"München ; München","edition":"4. Auflage","dateIssuedKey":"2020"}],"language":["ger"],"physDesc":[{"extent":"1 Online-Ressource"}],"recId":"1736264214","part":{"text":"2020, Randnummer 1-33, 33 Randnummern","year":"2020","extent":"33"},"disp":"Ebke, Werner F., 1951 - Münchener Kommentar zum Handelsgesetzbuch ; Band 4: Drittes Buch, Handelsbücher, §§ 238-342e HGB","relMultPart":[{"name":{"displayForm":["hrsg. von Karsten Schmidt"]},"person":[{"given":"Karsten","role":"edt","display":"Schmidt, Karsten","family":"Schmidt"},{"display":"Drescher, Ingo","role":"edt","given":"Ingo","family":"Drescher"},{"given":"Holger","display":"Fleischer, Holger","role":"edt","family":"Fleischer"}],"note":["Band 1-7 ab 5. Auflage herausgegeben von Dr. Ingo Drescher (Vorsitzender Richter am Bundesgerichtshof, Karlsruhe, Honorarprofessor an der Universität Tübingen), Dr. Dr. h.c. Holger Fleischer LL.M. (Univ. of Michigan), Dipl.-Kfm. (Direktor des Max-Planck-Instituts für Ausländisches und Internationales Privatrecht, Hamburg, Affiliate Professor der Bucerius Law School, Hamburg), Dr. Dr. h.c. mult. Karsten Schmidt (o. Professor em. an der Universität Bonn, Professor der Bucerius Law School, Hamburg)"],"physDesc":[{"extent":"Online-Ressource"}],"part":{"number_sort":["4.2020"],"number":["Band 4"]},"title":[{"title_sort":"Münchener Kommentar zum Handelsgesetzbuch","title":"Münchener Kommentar zum Handelsgesetzbuch"}],"id":{"isbn":["3406526276","9783406599934","9783406677007","9783406758409"],"eki":["1355746817"]},"type":{"bibl":"edited-book","media":"Online-Ressource"},"language":["ger"],"titleAlt":[{"title":"Münchener Kommentar HGB"},{"title":"MünchKommHGB"},{"title":"MüKoHGB"}],"ga":1,"origin":[{"dateIssuedDisp":"2005-","publisher":"Beck ; Vahlen","dateIssuedKey":"2005","publisherPlace":"München ; München"}],"recId":"1355746817"}],"id":{"eki":["1736264214"]},"person":[{"family":"Ebke","display":"Ebke, Werner F.","role":"aut","given":"Werner F."},{"family":"Ballwieser","display":"Ballwieser, Wolfgang","role":"aut","given":"Wolfgang"},{"role":"aut","display":"Barckow, Andreas","given":"Andreas","family":"Barckow"},{"display":"Böcking, Hans-Joachim","role":"aut","given":"Hans-Joachim","family":"Böcking"}],"type":{"media":"Online-Ressource","bibl":"book"},"title":[{"title":"Drittes Buch, Handelsbücher, §§ 238-342e HGB","subtitle":"Nachtrag zum Gesetz zur weiteren Umsetzung der Transparenzrichtlinie-Änderungsrichtlinie im Hinblick auf ein einheitliches elektronisches Format für Jahresfinanzberichte - ESEF-UG / Redakteur: Dr. Dr. h.c. mult. Werner F. Ebke, LL.M. ; die Bearbeiter des vierten Bandes: Dr. Dr. h.c. Wolfgang Ballwieser (em. Professor an der Universität München), Dr. Andreas Barckow (Präsident des DRSC e.V. und Honorarprofessor an der WHU - Otto Beisheim School of Management in Vallendar), Dr. Hans-Joachim Böcking (Professor an der Goethe-Universität Frankfurt am Main), Dr. Dr. h.c. mult. Werner F. Ebke, LL.M. (UC Berkeley) [und 15 weitere]"}]}],"recId":"1736847430","language":["ger"],"origin":[{"dateIssuedDisp":"2020","dateIssuedKey":"2020"}],"person":[{"display":"Böcking, Hans-Joachim","role":"aut","given":"Hans-Joachim","family":"Böcking"},{"display":"Ebke, Werner F.","role":"aut","given":"Werner F.","family":"Ebke"},{"family":"Hanke","display":"Hanke, Anika","role":"aut","given":"Anika"}],"name":{"displayForm":["Prof. Dr. Hans-Joachim Böcking, Prof. em. Dr. Dr. h.c. mult. Werner F. Ebke, Anika Hanke"]},"physDesc":[{"extent":"33 S."}],"note":["Gesehen am 28.10.2020"]} 
SRT |a BOECKINGHAANHANGNACH2020